000 00741cam a22002172 4500
001 0000000799
005 20151217151757.0
008 070220s xx 000 0 eng d
020 _a1556615833 :
_cKES 620
040 _aKABU
_cKABU
050 0 _aBV4531.2
_b.P48 1995
100 1 _aPeterson, Lorraine.
_@0000112172
245 1 0 _aPlease give me another chance, Lord :
_bthe secret of prayer in a teen's life /
_cLorraine Peterson.
260 _aMinneapolis, Minnesota :
_bBethany House,
_c1995.
300 _a160 p. ;
_c21 cm.
600 1 0 _aTeenagers
_xConduct of life.
_@0000149168
650 0 _aPrayer
_xChristianity
_xStudy and teaching.
_@0000149169
908 _a070220
950 _@1
999 _c4921
_d4921